Gaming Quiz

Random Gaming or Toys Quiz

20 Knock off toys Quiz Stats

 Plays Quiz not verified by Sporcle

Also try: '80s Video Games
Challenge
Share
Tweet
Thanks for playing! Follow Chuck_Norris for more quizzes.
Score 0/20 Timer 06:00
0 Plays Today
% Correct
My Little Pony
98.3%
Ghostbusters
80%
Superman
78.3%
Pokemon
73%
Spiderman
72.2%
Transformers
70.4%
Teenage Mutant Ninja Turtles
68.7%
Mickey Mouse
68.7%
Justice League
65.2%
Angry Birds
63.5%
% Correct
Star Wars
60.9%
Xbox 360
59.1%
Toy Story 3
57.4%
Godzilla
56.5%
Robocop
51.3%
Winnie The Poo
51.3%
Sorry
33%
Thomas The Train
29.6%
Furbies
29.6%
Disney Princesses
22.6%

You're not logged in!

Compare scores with friends on all Sporcle quizzes.
Join for Free
OR
Log In

You Might Also Like...

Show Comments

Extras

Top Quizzes Today


Score Distribution

Your Account Isn't Verified!

In order to create a playlist on Sporcle, you need to verify the email address you used during registration. Go to your Sporcle Settings to finish the process.

Report this User

Report this user for behavior that violates our Community Guidelines.

Details: